[Event "NB I. Charousek csoport"]
[Site "Komlo"]
[Date "2023.10.29"]
[Round "3.8"]
[White "Kresz, Tamas"]
[Black "Kosztolanczi, Gyula"]
[Result "1-0"]
[WhiteElo "2133"]
[BlackElo "2063"]
[PlyCount "95"]
[EventDate "2023.10.08"]
[EventType "team-tourn"]
[EventRounds "11"]
[EventCountry "HUN"]
[Source "chess.hu"]
[WhiteTeam "Komloi BSK"]
[BlackTeam "Sentimento Ajka BSK"]
[WhiteTeamCountry "HUN"]
[BlackTeamCountry "HUN"]

1. b3 e5 2. Bb2 Nc6 3. c4 Nf6 4. e3 d5 5. cxd5 Nxd5 6. a3 Be7 7. Qc2 Bf6 8. Nf3
O-O 9. d3 Bg4 10. Nbd2 Re8 11. Be2 g6 12. O-O Bg7 13. h3 Bf5 14. Rfd1 Qe7 15.
b4 a6 16. Rac1 Rad8 17. Qb1 g5 18. Qa1 h5 19. Nh2 Bg6 20. Nb3 Rd6 21. Nc5 Nd8
22. Rc2 f5 23. Rdc1 g4 24. e4 Nf4 25. hxg4 fxg4 26. Bf1 Bh6 27. Rd1 Bf7 28. g3
Ng6 29. d4 exd4 30. Rxd4 Nc6 31. Rxd6 cxd6 32. Bf6 Bg7 33. Bxg7 dxc5 34. Rxc5
Qxe4 35. Rxh5 Bd5 36. Rxd5 Qxd5 37. Nxg4 Qe6 38. Nf6+ Kxg7 39. Nxe8+ Kh6 40.
Nf6 Nge5 41. Ne4 Nf3+ 42. Kg2 Qxe4 43. Qf6+ Kh7 44. Qxf3 Qe7 45. Bd3+ Kh8 46.
Qh5+ Kg8 47. Qg6+ Kh8 48. Qh6+ 1-0

[Event "NB I. Charousek csoport"]
[Site "Komlo"]
[Date "2023.10.29"]
[Round "3.9"]
[White "Pasti, Zsombor"]
[Black "Solty, Laszlo"]
[Result "1/2-1/2"]
[WhiteElo "2043"]
[BlackElo "2055"]
[PlyCount "80"]
[EventDate "2023.10.08"]
[EventType "team-tourn"]
[EventRounds "11"]
[EventCountry "HUN"]
[Source "chess.hu"]
[WhiteTeam "Sentimento Ajka BSK"]
[BlackTeam "Komloi BSK"]
[WhiteTeamCountry "HUN"]
[BlackTeamCountry "HUN"]

1. e4 d5 2. exd5 Nf6 3. Nc3 Nxd5 4. d4 g6 5. Bc4 Nb6 6. Bb3 Bg7 7. Nge2 Nc6 8.
Bf4 a6 9. O-O O-O 10. Be3 Na5 11. Re1 Nbc4 12. Bc1 b6 13. Nf4 e6 14. Nfe2 Bb7
15. Qd3 Nd6 16. Bf4 Nf5 17. Rad1 Nc6 18. d5 Nb4 19. Qc4 Nxd5 20. Nxd5 Bxd5 21.
Qxc7 Qxc7 22. Bxc7 Bxb3 23. axb3 Rfc8 24. Rd7 Bf6 25. g4 Nh4 26. Red1 Kg7 27.
c3 b5 28. Bg3 b4 29. f4 h6 30. Nd4 bxc3 31. bxc3 Kg8 32. Bxh4 Bxh4 33. c4 Bf6
34. Nf3 Rab8 35. R1d3 a5 36. Nd2 Ra8 37. Ne4 Bg7 38. Nd6 Rf8 39. c5 Ra6 40. Rc7
a4 1/2-1/2

[Event "NB I. Charousek csoport"]
[Site "Komlo"]
[Date "2023.10.29"]
[Round "3.10"]
[White "Jaro, Benjamin"]
[Black "Mihalyfi, Gabor"]
[Result "1-0"]
[WhiteElo "2002"]
[BlackElo "1879"]
[PlyCount "103"]
[EventDate "2023.10.08"]
[EventType "team-tourn"]
[EventRounds "11"]
[EventCountry "HUN"]
[Source "chess.hu"]
[WhiteTeam "Komloi BSK"]
[BlackTeam "Sentimento Ajka BSK"]
[WhiteTeamCountry "HUN"]
[BlackTeamCountry "HUN"]

1. c4 Nf6 2. Nc3 d6 3. g3 g6 4. Bg2 Bg7 5. e3 O-O 6. Nge2 c6 7. O-O e5 8. d4
Bg4 9. h3 Bf5 10. b3 Re8 11. Bb2 Na6 12. Qd2 Qa5 13. a3 Rad8 14. b4 Qc7 15.
Rac1 h5 16. d5 c5 17. e4 Bc8 18. Nb5 Qb8 19. f4 Nh7 20. fxe5 Bxe5 21. Bxe5 Rxe5
22. Qh6 Rf8 23. Nf4 Rg5 24. Kh2 cxb4 25. h4 Rg4 26. Bh3 Rxf4 27. Qxf4 Bxh3 28.
Kxh3 Nc5 29. Rf3 b3 30. Rb1 f6 31. Kh2 a5 32. Qh6 Rf7 33. Qxg6+ Rg7 34. Qf5 a4
35. Nd4 Nf8 36. Re1 Qe8 37. Qxf6 b2 38. Nf5 Rg6 39. Qxb2 Nfd7 40. Qe2 Ne5 41.
Rff1 Ng4+ 42. Kh3 Qe5 43. Rf4 Kh7 44. Ref1 Qc3 45. Ne7 Rg7 46. Rf7 Nd3 47.
Rxg7+ Kxg7 48. Qf3 Ndf2+ 49. Rxf2 Nxf2+ 50. Qxf2 Qxc4 51. Nf5+ Kh7 52. Nxd6 1-0

[Event "NB I. Charousek csoport"]
[Site "Komlo"]
[Date "2023.10.29"]
[Round "3.11"]
[White "Kaufmann, Attila"]
[Black "Juhasz, Zoltan"]
[Result "1/2-1/2"]
[WhiteElo "1923"]
[BlackElo "2045"]
[PlyCount "68"]
[EventDate "2023.10.08"]
[EventType "team-tourn"]
[EventRounds "11"]
[EventCountry "HUN"]
[Source "chess.hu"]
[WhiteTeam "Sentimento Ajka BSK"]
[BlackTeam "Komloi BSK"]
[WhiteTeamCountry "HUN"]
[BlackTeamCountry "HUN"]

1. d4 Nf6 2. Bf4 g6 3. e3 Bg7 4. Nf3 d6 5. Nbd2 O-O 6. Be2 c5 7. c3 Nc6 8. O-O
cxd4 9. cxd4 h6 10. h4 Nd5 11. Bh2 e5 12. Bc4 Nb6 13. d5 Ne7 14. e4 f5 15. Qb3
Kh8 16. Rfe1 a5 17. a4 Nd7 18. h5 Nc5 19. Qc2 g5 20. Bd3 f4 21. Nc4 Nxd3 22.
Qxd3 Bg4 23. Qb3 Rb8 24. Nfd2 b6 25. Na3 Bxh5 26. Nb5 Rb7 27. Rac1 Qd7 28. Rc3
Rc8 29. Rec1 Rxc3 30. Rxc3 Be2 31. Nc4 Nc8 32. Qc2 Bxc4 33. Rxc4 Ne7 34. Rc6
Bf8 1/2-1/2

[Event "NB I. Charousek csoport"]
[Site "Komlo"]
[Date "2023.10.29"]
[Round "3.12"]
[White "Csiszar, Viktoria"]
[Black "Halmavanszki, Dora"]
[Result "1-0"]
[WhiteElo "1812"]
[BlackElo "1461"]
[PlyCount "101"]
[EventDate "2023.10.08"]
[EventType "team-tourn"]
[EventRounds "11"]
[EventCountry "HUN"]
[Source "chess.hu"]
[WhiteTeam "Komloi BSK"]
[BlackTeam "Sentimento Ajka BSK"]
[WhiteTeamCountry "HUN"]
[BlackTeamCountry "HUN"]

1. e4 e5 2. Nf3 Nc6 3. d4 exd4 4. Bc4 h6 5. O-O Bd6 6. e5 Bc5 7. c3 dxc3 8.
Bxf7+ Kxf7 9. Qd5+ Ke8 10. Qxc5 cxb2 11. Bxb2 Qe7 12. Qc2 Qe6 13. Nc3 a6 14.
Ne2 Nge7 15. Ned4 Qg6 16. Qb3 Nxd4 17. Nxd4 b6 18. Rac1 Bb7 19. f3 Bd5 20. Qc3
c5 21. Ne2 Rf8 22. Qd2 Bc6 23. Nc3 Rd8 24. Ne4 Bxe4 25. fxe4 Rxf1+ 26. Rxf1 d6
27. Qf4 Qg5 28. Qf7+ Kd7 29. exd6 Kxd6 30. Bc1 Qg4 31. e5+ Kd7 32. e6+ Kc6 33.
Qxe7 Rd1 34. Qe8+ Kc7 35. Qf7+ Kc6 36. Qe8+ Kb7 37. Qf7+ Kc6 38. Qf3+ Qxf3 39.
gxf3 Rxf1+ 40. Kxf1 Kd6 41. Ke2 Kxe6 42. Kd3 Kd5 43. h4 b5 44. h5 Ke6 45. Ke4
c4 46. Bd2 Kf7 47. Kf5 Kf8 48. Kg6 Kg8 49. Bc3 Kf8 50. Bxg7+ Kg8 51. Bc3 1-0

[Event "NB I. Charousek csoport"]
[Site "Gyor"]
[Date "2023.10.29"]
[Round "3.1"]
[White "Fancsy, Imre"]
[Black "Margl, Roland"]
[Result "1/2-1/2"]
[WhiteElo "2350"]
[BlackElo "2327"]
[PlyCount "25"]
[EventDate "2023.10.08"]
[EventType "team-tourn"]
[EventRounds "11"]
[EventCountry "HUN"]
[Source "chess.hu"]
[WhiteTeam "Balatonfuredi SC"]
[BlackTeam "Szechenyi ESE Gyor"]
[WhiteTeamCountry "HUN"]
[BlackTeamCountry "HUN"]

1. d4 d5 2. Nf3 Nf6 3. g3 Bf5 4. c4 e6 5. Nc3 dxc4 6. Bg2 c6 7. Ne5 Nbd7 8. e4
Bg6 9. Nxc4 b5 10. e5 Nd5 11. Ne3 Nxe3 12. Bxe3 Rc8 13. O-O 1/2-1/2

[Event "NB I. Charousek csoport"]
[Site "Gyor"]
[Date "2023.10.29"]
[Round "3.2"]
[White "Gyurkovics, Bence Dr"]
[Black "Pataki, Gyozo"]
[Result "1/2-1/2"]
[WhiteElo "2276"]
[BlackElo "2308"]
[PlyCount "22"]
[EventDate "2023.10.08"]
[EventType "team-tourn"]
[EventRounds "11"]
[EventCountry "HUN"]
[Source "chess.hu"]
[WhiteTeam "Szechenyi ESE Gyor"]
[BlackTeam "Balatonfuredi SC"]
[WhiteTeamCountry "HUN"]
[BlackTeamCountry "HUN"]

1. d4 d5 2. c4 c6 3. Nf3 Nf6 4. Nbd2 Bf5 5. Nh4 Be4 6. Qb3 Qb6 7. f3 Bg6 8.
cxd5 cxd5 9. Qxb6 axb6 10. Nxg6 hxg6 11. e3 e6 1/2-1/2

[Event "NB I. Charousek csoport"]
[Site "Gyor"]
[Date "2023.10.29"]
[Round "3.4"]
[White "Finszter, Mate"]
[Black "Lyell, Mark"]
[Result "1/2-1/2"]
[WhiteElo "2237"]
[BlackElo "2201"]
[PlyCount "58"]
[EventDate "2023.10.08"]
[EventType "team-tourn"]
[EventRounds "11"]
[EventCountry "HUN"]
[Source "chess.hu"]
[WhiteTeam "Szechenyi ESE Gyor"]
[BlackTeam "Balatonfuredi SC"]
[WhiteTeamCountry "HUN"]
[BlackTeamCountry "HUN"]

1. Nc3 d5 2. Nf3 d4 3. Ne4 Nf6 4. d3 Nc6 5. e3 Bg4 6. Be2 Nxe4 7. dxe4 e5 8.
O-O Bxf3 9. Bxf3 Bc5 10. exd4 Nxd4 11. c3 Ne6 12. Bg4 Qxd1 13. Rxd1 Ke7 14. b4
Bb6 15. Bb2 Rhd8 16. Rd5 c6 17. Rxd8 Rxd8 18. Rd1 Rxd1+ 19. Bxd1 a5 20. a3 axb4
21. axb4 c5 22. bxc5 Bxc5 23. Kf1 Kd6 24. Bc1 b5 25. Bb3 g6 26. Ke2 b4 27. Bxe6
Kxe6 28. cxb4 Bxb4 29. Be3 f5 1/2-1/2

[Event "NB I. Charousek csoport"]
[Site "Gyor"]
[Date "2023.10.29"]
[Round "3.5"]
[White "Glatt, Gabor"]
[Black "Voros, Gellert"]
[Result "1/2-1/2"]
[WhiteElo "2193"]
[BlackElo "2136"]
[PlyCount "85"]
[EventDate "2023.10.08"]
[EventType "team-tourn"]
[EventRounds "11"]
[EventCountry "HUN"]
[Source "chess.hu"]
[WhiteTeam "Balatonfuredi SC"]
[BlackTeam "Szechenyi ESE Gyor"]
[WhiteTeamCountry "HUN"]
[BlackTeamCountry "HUN"]

1. e4 e5 2. Nf3 Nc6 3. Bb5 a6 4. Ba4 Nf6 5. d4 Nxe4 6. O-O b5 7. Bb3 d5 8. dxe5
Be6 9. c3 Bc5 10. a4 O-O 11. Qd3 Ne7 12. Nbd2 Bf5 13. Qe2 Ng6 14. Nd4 Bxd4 15.
cxd4 Ng5 16. axb5 axb5 17. Rxa8 Qxa8 18. Nf3 Ne6 19. Be3 c6 20. Rc1 Ngf4 21.
Qd2 Ng6 22. Ne1 Qb7 23. h3 h5 24. Nd3 Rc8 25. Bd1 h4 26. Nc5 Qa7 27. Bb3 Nxc5
28. Rxc5 Nf8 29. Rc1 Qd7 30. Bg5 Ng6 31. Kh2 Qe6 32. Qc3 f6 33. exf6 gxf6 34.
Bd2 Qd6+ 35. Kh1 Kg7 36. Qf3 Qd7 37. Re1 Be4 38. Qe3 Rh8 39. f3 Bf5 40. Kg1 Kf7
41. Kh2 Qd6+ 42. f4 Qd7 43. Re2 1/2-1/2

[Event "NB I. Charousek csoport"]
[Site "Gyor"]
[Date "2023.10.29"]
[Round "3.6"]
[White "Dolnik, Attila"]
[Black "Bodnar, Zoltan"]
[Result "0-1"]
[WhiteElo "2114"]
[BlackElo "2099"]
[PlyCount "94"]
[EventDate "2023.10.08"]
[EventType "team-tourn"]
[EventRounds "11"]
[EventCountry "HUN"]
[Source "chess.hu"]
[WhiteTeam "Szechenyi ESE Gyor"]
[BlackTeam "Balatonfuredi SC"]
[WhiteTeamCountry "HUN"]
[BlackTeamCountry "HUN"]

1. e4 c6 2. Nf3 d5 3. exd5 cxd5 4. d4 Nc6 5. Be3 Bg4 6. h3 Bh5 7. Be2 e6 8. O-O
Bd6 9. b3 h6 10. c4 Nge7 11. Nc3 Rc8 12. Qd2 dxc4 13. bxc4 Bb4 14. a3 Ba5 15.
Rab1 b6 16. Rbc1 Bxf3 17. Bxf3 Nf5 18. Rfd1 Nce7 19. Qd3 Bxc3 20. Rxc3 Nxe3 21.
fxe3 O-O 22. e4 Ng6 23. e5 Qg5 24. Be4 Nh4 25. Rf1 Rc7 26. Qe2 Rd8 27. Qf2 Qe7
28. Bb1 Rcd7 29. Qc2 g6 30. Qd2 Qg5 31. Qf2 Qe7 32. d5 exd5 33. cxd5 Rxd5 34.
Ba2 Rd2 35. Qxf7+ Qxf7 36. Bxf7+ Kg7 37. Rg3 Re2 38. e6 Rdd2 39. Bxg6 Rxg2+ 40.
Rxg2 Rxg2+ 41. Kh1 Rxg6 42. Rf4 Ng2 43. Re4 Kf8 44. h4 Ke7 45. h5 Rxe6 46. Ra4
Ne3 47. Rxa7+ Kf6 0-1

[Event "NB I. Charousek csoport"]
[Site "Gyor"]
[Date "2023.10.29"]
[Round "3.7"]
[White "Forgacs, Attila"]
[Black "Dolnik-Domany, Zsofia"]
[Result "1/2-1/2"]
[WhiteElo "2036"]
[BlackElo "2163"]
[PlyCount "83"]
[EventDate "2023.10.08"]
[EventType "team-tourn"]
[EventRounds "11"]
[EventCountry "HUN"]
[Source "chess.hu"]
[WhiteTeam "Balatonfuredi SC"]
[BlackTeam "Szechenyi ESE Gyor"]
[WhiteTeamCountry "HUN"]
[BlackTeamCountry "HUN"]

1. e4 c5 2. Nf3 Nc6 3. d4 cxd4 4. Nxd4 e5 5. Nb5 d6 6. N1c3 a6 7. Na3 b5 8. Nd5
Nf6 9. Bg5 Be7 10. Bxf6 Bxf6 11. Bd3 O-O 12. O-O Bg5 13. c3 Ne7 14. Nxe7+ Qxe7
15. Nc2 Bb7 16. a4 bxa4 17. Rxa4 a5 18. Qe2 d5 19. exd5 Bxd5 20. Be4 Rfd8 21.
Bxd5 Rxd5 22. Ne3 Bxe3 23. Qxe3 Rb8 24. c4 Rc5 25. b3 Qd6 26. Raa1 Qd4 27. Qxd4
exd4 28. Rfb1 Kf8 29. Kf1 Re5 30. Re1 Rh5 31. Re4 Rxb3 32. g4 Rc5 33. Rxd4 Rc3
34. Ra4 Ke7 35. Kg2 Ke6 36. f3 f5 37. Kg3 g5 38. Ra2 f4+ 39. Kg2 R3xc4 40. Re2+
Kf6 41. Rd6+ Kf7 42. Rd7+ 1/2-1/2

[Event "NB I. Charousek csoport"]
[Site "Gyor"]
[Date "2023.10.29"]
[Round "3.8"]
[White "Papp, Gabor Dr"]
[Black "Salavecz, Gergely"]
[Result "1/2-1/2"]
[WhiteElo "2019"]
[BlackElo "2008"]
[PlyCount "21"]
[EventDate "2023.10.08"]
[EventType "team-tourn"]
[EventRounds "11"]
[EventCountry "HUN"]
[Source "chess.hu"]
[WhiteTeam "Szechenyi ESE Gyor"]
[BlackTeam "Balatonfuredi SC"]
[WhiteTeamCountry "HUN"]
[BlackTeamCountry "HUN"]

1. d4 d5 2. Nf3 Nf6 3. c4 dxc4 4. Qa4+ c6 5. Qxc4 Bf5 6. Nc3 e6 7. e3 Be7 8. h3
h6 9. g4 Bh7 10. Bg2 Nbd7 11. a3 1/2-1/2

[Event "NB I. Charousek csoport"]
[Site "Gyor"]
[Date "2023.10.29"]
[Round "3.9"]
[White "Vargyas, Zoltan"]
[Black "Pram, Imre"]
[Result "1/2-1/2"]
[WhiteElo "1903"]
[BlackElo "2044"]
[PlyCount "72"]
[EventDate "2023.10.08"]
[EventType "team-tourn"]
[EventRounds "11"]
[EventCountry "HUN"]
[Source "chess.hu"]
[WhiteTeam "Balatonfuredi SC"]
[BlackTeam "Szechenyi ESE Gyor"]
[WhiteTeamCountry "HUN"]
[BlackTeamCountry "HUN"]

1. g3 Nf6 2. Bg2 e6 3. c4 Be7 4. d4 d5 5. Nf3 b6 6. Qa4+ Bd7 7. Qc2 Bc6 8. Ne5
Bb7 9. O-O O-O 10. Nc3 c6 11. Rd1 Nbd7 12. e4 dxe4 13. Nxe4 Rc8 14. Be3 h6 15.
b4 Nxe4 16. Bxe4 Nxe5 17. dxe5 Qc7 18. c5 Rfd8 19. Qc3 Rxd1+ 20. Rxd1 Rd8 21.
Rc1 Rc8 22. Bd4 bxc5 23. Bxc5 a6 24. a4 Rb8 25. h4 a5 26. bxa5 Bxc5 27. Qxc5
Ra8 28. Rb1 Rc8 29. Rb6 g6 30. a6 Ba8 31. a5 Rd8 32. Bxc6 Rc8 33. a7 Qxa7 34.
Qd6 Bxc6 35. Rxc6 Rxc6 36. Qxc6 Qxa5 1/2-1/2

[Event "NB I. Charousek csoport"]
[Site "Gyor"]
[Date "2023.10.29"]
[Round "3.10"]
[White "Szabo, Laszlo"]
[Black "Fur, Katinka"]
[Result "1/2-1/2"]
[WhiteElo "1993"]
[BlackElo "1941"]
[PlyCount "35"]
[EventDate "2023.10.08"]
[EventType "team-tourn"]
[EventRounds "11"]
[EventCountry "HUN"]
[Source "chess.hu"]
[WhiteTeam "Szechenyi ESE Gyor"]
[BlackTeam "Balatonfuredi SC"]
[WhiteTeamCountry "HUN"]
[BlackTeamCountry "HUN"]

1. e4 e6 2. d4 d5 3. Nd2 Nf6 4. e5 Nfd7 5. f4 c5 6. c3 Nc6 7. Ndf3 Qb6 8. g3
cxd4 9. cxd4 Bb4+ 10. Kf2 g5 11. Be3 gxf4 12. gxf4 Be7 13. Bh3 Qxb2+ 14. Ne2
Nb6 15. a4 Nc4 16. Rb1 Qa2 17. Ra1 Qb2 18. Rb1 1/2-1/2

[Event "NB I. Charousek csoport"]
[Site "Gyor"]
[Date "2023.10.29"]
[Round "3.11"]
[White "Kun, Balint"]
[Black "Molnar, Gabor"]
[Result "1/2-1/2"]
[WhiteElo "1896"]
[BlackElo "1963"]
[PlyCount "91"]
[EventDate "2023.10.08"]
[EventType "team-tourn"]
[EventRounds "11"]
[EventCountry "HUN"]
[Source "chess.hu"]
[WhiteTeam "Balatonfuredi SC"]
[BlackTeam "Szechenyi ESE Gyor"]
[WhiteTeamCountry "HUN"]
[BlackTeamCountry "HUN"]

1. e4 e6 2. d4 d5 3. Nd2 c5 4. exd5 exd5 5. dxc5 Bxc5 6. Nb3 Bb6 7. Bb5+ Nc6 8.
Nf3 Nge7 9. O-O O-O 10. Bf4 Bg4 11. h3 Bh5 12. c3 Ng6 13. Bg3 a6 14. Be2 Bxf3
15. Bxf3 Qg5 16. Kh2 Rad8 17. Be2 d4 18. c4 Nh4 19. c5 Bc7 20. f4 Qf6 21. Bxh4
Qxh4 22. g3 Qf6 23. Qd2 Rfe8 24. Bf3 Re3 25. Rae1 g5 26. Bxc6 bxc6 27. Rxe3
dxe3 28. Qxe3 gxf4 29. gxf4 Qxb2+ 30. Rf2 Qf6 31. Nd2 Qf5 32. Ne4 Kf8 33. Nd6
Bxd6 34. cxd6 Rxd6 35. Re2 Re6 36. Qa3+ c5 37. Rxe6 Qxf4+ 38. Kg2 Qg5+ 39. Kf2
fxe6 40. Qxa6 Qf4+ 41. Kg2 Qe4+ 42. Kg3 Qd5 43. a4 e5 44. a5 Ke7 45. Qa7+ Ke6
46. a6 1/2-1/2

[Event "NB I. Charousek csoport"]
[Site "Gyor"]
[Date "2023.10.29"]
[Round "3.12"]
[White "Gulacsi, Donat Ferenc"]
[Black "Palla, Gyorgy"]
[Result "0-1"]
[WhiteElo "1873"]
[BlackElo "1958"]
[PlyCount "82"]
[EventDate "2023.10.08"]
[EventType "team-tourn"]
[EventRounds "11"]
[EventCountry "HUN"]
[Source "chess.hu"]
[WhiteTeam "Szechenyi ESE Gyor"]
[BlackTeam "Balatonfuredi SC"]
[WhiteTeamCountry "HUN"]
[BlackTeamCountry "HUN"]

1. d4 d5 2. Nf3 Nf6 3. e3 Bf5 4. Nbd2 e6 5. Be2 h6 6. Ne5 Nbd7 7. f4 Ne4 8. O-O
Be7 9. Nxe4 Bxe4 10. Bd3 O-O 11. c3 f5 12. Bxe4 fxe4 13. Ng6 Rf6 14. Nxe7+ Qxe7
15. b3 Raf8 16. a4 R8f7 17. a5 Rg6 18. c4 Rf5 19. Bd2 Nf6 20. c5 Ng4 21. h3 Nf6
22. Kf2 Nh5 23. Be1 Ng3 24. Ra2 Nxf1 25. Kxf1 h5 26. b4 Rh6 27. a6 b6 28. cxb6
cxb6 29. Qc1 g5 30. g3 Rf8 31. Rc2 gxf4 32. gxf4 Qd7 33. Rg2+ Kh7 34. Bh4 Rg6
35. Bg5 e5 36. dxe5 Qxh3 37. Kg1 Rc8 38. Qd2 Rgc6 39. Bf6 Rc1+ 40. Kf2 R1c2 41.
Rg7+ Kh6 0-1

[Event "NB I. Charousek csoport"]
[Site "Paks"]
[Date "2023.10.29"]
[Round "3.1"]
[White "Horvath, Csaba"]
[Black "Videki, Sandor"]
[Result "1-0"]
[WhiteElo "2488"]
[BlackElo "2350"]
[PlyCount "55"]
[EventDate "2023.10.08"]
[EventType "team-tourn"]
[EventRounds "11"]
[EventCountry "HUN"]
[Source "chess.hu"]
[WhiteTeam "Tuxera ANSK II."]
[BlackTeam "ASE II. Paks"]
[WhiteTeamCountry "HUN"]
[BlackTeamCountry "HUN"]

1. d4 e6 2. Nf3 c5 3. e4 cxd4 4. Nxd4 a6 5. a3 Ne7 6. Nc3 Nbc6 7. Nb3 Qc7 8. g3
d6 9. f4 g6 10. Be3 Bg7 11. Qd2 O-O 12. O-O-O d5 13. e5 Na5 14. Nxa5 Qxa5 15.
Qf2 Qc7 16. Bb6 Qc6 17. Bd3 Bd7 18. Kb1 Nc8 19. Bc5 Re8 20. h4 b6 21. Bd4 b5
22. h5 Rb8 23. hxg6 hxg6 24. g4 Ne7 25. Rh3 b4 26. axb4 Rxb4 27. Rdh1 Qb7 28.
Qh2 1-0

[Event "NB I. Charousek csoport"]
[Site "Paks"]
[Date "2023.10.29"]
[Round "3.2"]
[White "Papp, Sarah"]
[Black "Galyas, Miklos"]
[Result "1/2-1/2"]
[WhiteElo "2294"]
[BlackElo "2467"]
[PlyCount "119"]
[EventDate "2023.10.08"]
[EventType "team-tourn"]
[EventRounds "11"]
[EventCountry "HUN"]
[Source "chess.hu"]
[WhiteTeam "ASE II. Paks"]
[BlackTeam "Tuxera ANSK II."]
[WhiteTeamCountry "HUN"]
[BlackTeamCountry "HUN"]

1. e4 c6 2. d4 d5 3. Nc3 dxe4 4. Nxe4 Nf6 5. Nxf6+ exf6 6. c3 Bd6 7. Bd3 O-O 8.
Qc2 Re8+ 9. Ne2 h5 10. O-O h4 11. h3 Nd7 12. Bd2 Nf8 13. Rae1 g6 14. c4 Bd7 15.
d5 cxd5 16. cxd5 Qc8 17. Qxc8 Raxc8 18. Bc3 Be5 19. f4 Bxc3 20. Nxc3 f5 21. Kf2
Nh7 22. Rxe8+ Rxe8 23. Re1 Rxe1 24. Kxe1 Nf6 25. Kf2 Kf8 26. Ke3 Ke7 27. Be2
Kd6 28. Kd4 a6 29. b4 b5 30. a4 bxa4 31. Bxa6 Ne4 32. Nb5+ Bxb5 33. Bxb5 a3 34.
Bc4 f6 35. Ba2 g5 36. fxg5 fxg5 37. b5 Nc5 38. b6 Nd7 39. b7 Kc7 40. b8=Q+ Kxb8
41. d6 Kc8 42. Kc3 Kd8 43. Be6 f4 44. Bf5 Ne5 45. Kb3 Nc4 46. Bd3 Ne3 47. Kxa3
Kd7 48. Kb4 Kxd6 49. Kc3 Ke5 50. Kd2 Nxg2 51. Ke2 f3+ 52. Kxf3 Nf4 53. Kg4 Kf6
54. Be4 Ne6 55. Bf5 Nc5 56. Bc2 Nd7 57. Kh5 Ne5 58. Be4 Nf7 59. Bg6 Nd6 60. Bd3
1/2-1/2

[Event "NB I. Charousek csoport"]
[Site "Paks"]
[Date "2023.10.29"]
[Round "3.3"]
[White "Markoja, Boris"]
[Black "Molnar, Bela"]
[Result "1-0"]
[WhiteElo "2454"]
[BlackElo "2298"]
[PlyCount "79"]
[EventDate "2023.10.08"]
[EventType "team-tourn"]
[EventRounds "11"]
[EventCountry "HUN"]
[Source "chess.hu"]
[WhiteTeam "Tuxera ANSK II."]
[BlackTeam "ASE II. Paks"]
[WhiteTeamCountry "HUN"]
[BlackTeamCountry "HUN"]

1. Nf3 Nf6 2. c4 g6 3. g3 Bg7 4. Bg2 O-O 5. d4 d6 6. Nc3 Nbd7 7. O-O e5 8. h3
Re8 9. e4 a6 10. Re1 Rb8 11. Rb1 exd4 12. Nxd4 Ne5 13. b3 Bd7 14. f4 Nc6 15.
Nxc6 Bxc6 16. Bb2 Nh5 17. Kh2 b5 18. cxb5 axb5 19. b4 Qc8 20. Qc2 Qb7 21. a4 f5
22. axb5 Bxe4 23. Nxe4 fxe4 24. Bxg7 Kxg7 25. Bxe4 Qb6 26. Bc6 Re3 27. Rxe3
Qxe3 28. Rb3 Qb6 29. Qb2+ Kh6 30. h4 Rf8 31. Bf3 Nxg3 32. Kxg3 Qg1+ 33. Bg2
Qe1+ 34. Qf2 Qxf2+ 35. Kxf2 Rxf4+ 36. Kg3 g5 37. Bc6 Rxh4 38. Re3 Rxb4 39. Re6+
Kh5 40. Be8# 1-0

[Event "NB I. Charousek csoport"]
[Site "Paks"]
[Date "2023.10.29"]
[Round "3.4"]
[White "Forgacs, Attila Jr"]
[Black "Bodo, Norbert"]
[Result "1/2-1/2"]
[WhiteElo "2265"]
[BlackElo "2400"]
[PlyCount "62"]
[EventDate "2023.10.08"]
[EventType "team-tourn"]
[EventRounds "11"]
[EventCountry "HUN"]
[Source "chess.hu"]
[WhiteTeam "ASE II. Paks"]
[BlackTeam "Tuxera ANSK II."]
[WhiteTeamCountry "HUN"]
[BlackTeamCountry "HUN"]

1. e4 c6 2. d4 d5 3. Nc3 dxe4 4. Nxe4 Nf6 5. Nxf6+ exf6 6. c3 Bd6 7. Bd3 O-O 8.
Qc2 Re8+ 9. Ne2 h5 10. Be3 Nd7 11. O-O-O Nf8 12. Kb1 Be6 13. Ng3 Rc8 14. Nf5 g6
15. Nxd6 Qxd6 16. h3 b5 17. g4 h4 18. Rhe1 Bd5 19. f4 Re7 20. Bf2 Rce8 21. Rxe7
Rxe7 22. Bxh4 Re3 23. Qh2 Rxd3 24. Rxd3 Be4 25. Qe2 Qxf4 26. Bg3 Bxd3+ 27. Qxd3
Qg5 28. Qf3 b4 29. Bf4 Qb5 30. Bd2 bxc3 31. Bxc3 Nd7 1/2-1/2

[Event "NB I. Charousek csoport"]
[Site "Paks"]
[Date "2023.10.29"]
[Round "3.5"]
[White "Krutti, Valer"]
[Black "Bodrogi, Bendeguz"]
[Result "1-0"]
[WhiteElo "2243"]
[BlackElo "2243"]
[PlyCount "87"]
[EventDate "2023.10.08"]
[EventType "team-tourn"]
[EventRounds "11"]
[EventCountry "HUN"]
[Source "chess.hu"]
[WhiteTeam "Tuxera ANSK II."]
[BlackTeam "ASE II. Paks"]
[WhiteTeamCountry "HUN"]
[BlackTeamCountry "HUN"]

1. c4 e6 2. Nf3 d5 3. d4 a6 4. cxd5 exd5 5. Nc3 h6 6. Bf4 Nf6 7. e3 Bd6 8. Bg3
Bf5 9. Qb3 Nc6 10. Be2 O-O 11. O-O Bxg3 12. hxg3 Qd6 13. Rfc1 Rab8 14. a3 Ne7
15. Qd1 c6 16. b4 b5 17. Nh4 Bd7 18. Bd3 Nc8 19. Nf3 Nb6 20. e4 dxe4 21. Nxe4
Nxe4 22. Bxe4 Nc4 23. Ne5 Rfe8 24. Nxc4 bxc4 25. Bf3 Be6 26. d5 Bxd5 27. Rxc4
Qf6 28. Rf4 Bxf3 29. Rxf3 Qb2 30. Qc1 Re2 31. Qxb2 Rxb2 32. Rc1 Rd8 33. g4 Rd6
34. Kh2 Rg6 35. Kh3 a5 36. bxa5 Rg5 37. Rxc6 Rxa5 38. Rc8+ Kh7 39. Rc7 f6 40.
Rxf6 Rxa3+ 41. f3 Rb5 42. Kh4 Kg8 43. Rg6 Rg5 44. Rcxg7+ 1-0

[Event "NB I. Charousek csoport"]
[Site "Paks"]
[Date "2023.10.29"]
[Round "3.6"]
[White "Losonczi, Marcell"]
[Black "Demeter, Dorina"]
[Result "1/2-1/2"]
[WhiteElo "2203"]
[BlackElo "2115"]
[PlyCount "116"]
[EventDate "2023.10.08"]
[EventType "team-tourn"]
[EventRounds "11"]
[EventCountry "HUN"]
[Source "chess.hu"]
[WhiteTeam "ASE II. Paks"]
[BlackTeam "Tuxera ANSK II."]
[WhiteTeamCountry "HUN"]
[BlackTeamCountry "HUN"]

1. e4 e5 2. Nf3 Nc6 3. Nc3 Nf6 4. a3 d5 5. exd5 Nxd5 6. Bb5 Nxc3 7. bxc3 Bd6 8.
O-O O-O 9. d4 exd4 10. cxd4 Bg4 11. c3 Qf6 12. Rb1 h6 13. Bd3 Na5 14. c4 b6 15.
h3 Bxf3 16. Qxf3 Qxf3 17. gxf3 c5 18. d5 Rfe8 19. Bd2 Nb7 20. Rfe1 Kf8 21. Re3
g5 22. h4 Bf4 23. Rxe8+ Rxe8 24. Bxf4 gxf4 25. Kh2 Kg7 26. Kh3 Kf6 27. Kg4 Rg8+
28. Kxf4 Rg2 29. Ke3 Rh2 30. Rg1 Rxh4 31. Rg8 Nd6 32. f4 Rh3+ 33. f3 Rh2 34.
Ra8 a5 35. Rb8 Rb2 36. Rh8 Rb3 37. Rxh6+ Ke7 38. Kd2 Rxa3 39. Rh1 Rb3 40. Kc2
a4 41. Ra1 Rb4 42. Kc3 Kd7 43. Ra2 Kc7 44. Rb2 Rxb2 45. Kxb2 b5 46. cxb5 Kb6
47. Ka3 c4 48. Bc2 Nxb5+ 49. Kxa4 Kc5 50. Be4 Nc3+ 51. Ka3 Nxd5 52. f5 Kd4 53.
Kb2 Ne3 54. f6 Ng4 55. fxg4 Kxe4 56. Kc3 Kf4 57. Kxc4 Kxg4 58. Kd4 Kf5 1/2-1/2